| Tag |
First Indicator |
Second Indicator |
Subfields |
| LEADER |
00000nam a2200000 4500 |
| 001 |
in00004279813 |
| 005 |
20200813081234.0 |
| 006 |
m g d |
| 007 |
cr bn |||a|bb| |
| 008 |
940510s1642 enk o 00| | eng d |
| 035 |
|
|
|a (UnM)99867331
|
| 037 |
|
|
|a CL0051000005
|b ProQuest Information and Learning. 300 N. Zeeb Rd., Ann Arbor, MI 48106
|
| 040 |
|
|
|a Cu-RivES
|c Cu-RivES
|d CStRLIN
|e dcrb
|d WaOLN
|
| 100 |
1 |
|
|a Gouge, William,
|d 1578-1653.
|
| 245 |
1 |
0 |
|a Briefe ansvvers to the chiefe articles of religion. /
|b By W. Gouge, D.D.
|
| 246 |
3 |
|
|a Briefe answers to the chiefe articles of religion
|
| 250 |
|
|
|a The fourth edition.
|
| 260 |
|
|
|a London :
|b Printed by G.M. for Edward Brewster, and are to be sold at his shop upon Fleet-bridge at the signe of the Bible,
|c 1642.
|
| 300 |
|
|
|a 1 online resource ([8] pages)
|
| 336 |
|
|
|a text
|b txt
|2 rdacontent
|
| 337 |
|
|
|a computer
|b c
|2 rdamedia
|
| 338 |
|
|
|a online resource
|b cr
|2 rdacarrier
|
| 500 |
|
|
|a Signatures: A⁴.
|
| 500 |
|
|
|a Reproduction of the original in the British Library.
|
| 510 |
4 |
|
|a Wing (2nd edition)
|c G1389.
|
| 510 |
4 |
|
|a Thomason
|c E.1105[2].
|
| 533 |
|
|
|a Electronic reproduction.
|b Ann Arbor, Mich. :
|c UMI,
|d 1999-
|f (Early English books online)
|n Digital version of: (Thomason Tracts ; 163:E1105[2])
|7 s1999 miun s
|
| 650 |
|
0 |
|a Christianity
|x Essence, genius, nature
|v Early works to 1800.
|
| 650 |
|
0 |
|a Catechisms, English
|y 17th century.
|
| 830 |
|
0 |
|a Early English books online.
|
| 856 |
4 |
0 |
|u http://proxy.library.tamu.edu/login?url=https://search.proquest.com/docview/2240917447
|z Connect to the full text of this electronic book
|t 0
|
| 999 |
f |
f |
|s f23ba9b3-3a97-35c6-b1ff-6be62cee89a3
|i 2f98eca8-71c0-34e7-9668-573a9b6090d6
|t 0
|
| 952 |
f |
f |
|a Texas A&M University
|b College Station
|c Electronic Resources
|d Available Online
|t 0
|h No information provided
|
| 998 |
f |
f |
|t 0
|l Available Online
|